| 000 | 00639nam a2200241Ia 4500 | ||
|---|---|---|---|
| 003 | OSt | ||
| 005 | 20220918210753.0 | ||
| 006 | a|||||r|||| 00| 0 | ||
| 007 | ta | ||
| 008 | 220917b |||||||| |||| 00| 0 eng d | ||
| 024 | _a121,974 | ||
| 037 | _cTextual | ||
| 040 |
_aARTS _cARTS _beng |
||
| 041 |
_2eng _aeng |
||
| 082 | _aWv2.N9, N6 | ||
| 100 |
_aThomas R G C _9102906 |
||
| 245 | 0 | _aDemocracy security and development in India | |
| 260 |
_aHampshire _bMacMillan _c1996 |
||
| 300 |
_ax, 182p. _ccm. |
||
| 650 | _aPOLITICAL SCIENCE | ||
| 942 |
_hWv2.N9, N6 _cTEXL _2CC |
||
| 999 |
_c245167 _d245167 |
||